| 000 | 01134nam a2200265Ia 4500 | ||
|---|---|---|---|
| 999 |
_c56419 _d56419 |
||
| 001 | 23532 | ||
| 003 | GE_BSU | ||
| 005 | 20260219174530.0 | ||
| 008 | 181216s1991||||ge |||||||||||||| ||geo|| | ||
| 040 | _cGE_BSU | ||
| 041 | _ageo | ||
| 080 | _a94(479.222.5) ფ-94 | ||
| 100 |
_aფრონელი, ალექსანრე. (ა. ყიფშიძე) _926930 |
||
| 245 |
_aდიდებული მესხეთი / _cა. ფრონელი (ა. ყიფშიძე) ; რედ. : ზ. სარჯველაძე ; მხატვ. : გ. წერეთელი. |
||
| 264 |
_aთბილისი : _bმარიხი, _c1991. |
||
| 300 |
_a208 გვ. : ილ. ; _c17 სმ. |
||
| 500 | _aშენიშვნები: გვ. 199-207 | ||
| 541 | _h4 ლ. | ||
| 600 |
_a _926931 |
||
| 653 | _aდიდებული მესხეთი | ||
| 653 | _aმესხეთის ისტორია | ||
| 700 |
_aსარჯველაძე, ზ. _eრედაქტორი _97542 |
||
| 700 |
_aწერეთელი, გ. _eმხატვარი _926932 |
||
| 942 |
_cBK _2udc |
||